000 01613nam a2200409 c 4500
001 16563
003 ES-MaCES
005 20141221122431.0
008 040608s2002 sp d t o000 | spa d
017 _aM 55115-2003
_bDL
020 _a8449105811
024 7 _a251-03-062-1
_2nipo
035 _aCES20040007760m
040 _aES-MaCES
_bspa
_cES-MaCES
245 0 0 _aEvolución y cambios socioeconómicos del sector ovino-caprino en España durante la última década
_cDirección General de Ganadería, Subdirección General de Vacuno y Ovino y la SEOC (Sociedad Española de Ovinotecnia y Caprinotecnia) ; [Isidro Sierra Alfranca, coord.]
260 _aMadrid
_bCentro de Publicacines, Ministerio de Agricultura, Pesca y Alimentación
_c2002
300 _a165 p.
_bgráf. bl. y n.
_c24 cm
504 _aBibliografía
541 _cGratuito
650 4 _aoveja
_927599
650 4 _aganado
_927602
650 4 _aproducción animal
_927600
650 4 _aproducción agrícola
_927531
650 4 _asector económico
_930015
650 4 _aEspaña
_926964
650 4 _aComunidades Autónomas
_930768
650 4 _a1990-2000
_931184
650 4 _acuadros estadísticos
_928890
653 1 0 _aAgricultura-Ganadería
700 1 _aSierra Alfranca, Isidro
_ecol.
_924037
710 1 _aEspaña
_bMinisterio de Agricultura, Pesca y Alimentación
_eed.
_93225
710 1 _aEspaña
_bSubdirección General de Vacuno y Ovino
_93441
710 2 _aSociedad Española de Ovinotecnia y Caprinotecnia
_94994
902 _aLIB Libro
942 _2CES
_cBK
_h5.0.
999 _c16563
_d16563